Datum a čas kvízu
27.5
Celkem bodů
Celkový počet nahraných bodů na tomto kvízu bez doplňovacích otázek.
9.
Pořadí na kvízu
Konečné umístění týmu na tomto kvízu.
Zaznamenané odpovědi
| # | Otázka | Odpověď | Body | Výsledky |
|---|---|---|---|---|
| 1. | Minulý týden nastal poměrně vz... | 9. 10. (2019) | 1 | |
| 2. | Americká společnost Johnson &... | narostla mu prsa | 1 | |
| 3. | Ti z Vás, kdo pravidelně sledu... | zavedení lokalizované (české) verze nabídky | 0 | |
| 4. | Univerzita Karlova uzavřela pa... | Home Credit | 0 | |
| 5. | Kvalifikační zápas na fotbalov... | na stadion mohly ženy | 1 | |
| 6. | Téma o Brazílii zvítězilo ve f... | USA, Čína | 1 | |
| 7. | Pokud bychom chtěli v říjnu 20... | v Curychu | 0 | |
| 8. | Věříme, že většina z Vás bude... | Paulo Coelho, Jorge Amado | 0 | |
| 9. | Typické brazilské jídlo se jme... | fazole | 0 | |
| 10. | Co se týče slavných osobností,... | Alessandra Ambrosio | 0 |